Swamy's compilation on Suspension and reinstatement : (Record no. 891746)
[ view plain ]
| 000 -LEADER | |
|---|---|
| fixed length control field | 00946nam a2200313 a 4500 |
| 001 - CONTROL NUMBER | |
| control field | vtls001438691 |
| 003 - CONTROL NUMBER IDENTIFIER | |
| control field | NLI |
| 005 - DATE AND TIME OF LATEST TRANSACTION | |
| control field | 20210627122020.0 |
| 008 - FIXED-LENGTH DATA ELEMENTS--GENERAL INFORMATION | |
| fixed length control field | 121130n ii 000 0 eng |
| 020 ## - INTERNATIONAL STANDARD BOOK NUMBER | |
| Terms of availability | Rs.30.00 (pbk.) |
| 039 #9 - LEVEL OF BIBLIOGRAPHIC CONTROL AND CODING DETAIL [OBSOLETE] | |
| -- | 201211301643 |
| -- | VLOAD |
| 040 ## - CATALOGING SOURCE | |
| Original cataloging agency | NLI |
| Language of cataloging | eng |
| Transcribing agency | Datasoft_GENG |
| Description conventions | AACR2 |
| 041 0# - LANGUAGE CODE | |
| Language code of text/sound track or separate title | eng |
| 044 ## - COUNTRY OF PUBLISHING/PRODUCING ENTITY CODE | |
| MARC country code | ii |
| 082 04 - DEWEY DECIMAL CLASSIFICATION NUMBER | |
| Classification number | 344.5401 |
| 100 1# - MAIN ENTRY--PERSONAL NAME | |
| Personal name | Muthuswamy, P. |
| 9 (RLIN) | 990536 |
| 245 10 - TITLE STATEMENT | |
| Title | Swamy's compilation on Suspension and reinstatement : |
| Remainder of title | incorporating orders received up to October, 1989 / |
| Statement of responsibility, etc. | by P. Muthuswamy and V. Brinda |
| 250 ## - EDITION STATEMENT | |
| Edition statement | 11th ed. |
| 260 ## - PUBLICATION, DISTRIBUTION, ETC. | |
| Place of publication, distribution, etc. | Madras : |
| Name of publisher, distributor, etc. | Swamy Pub., |
| Date of publication, distribution, etc. | [n.d.] |
| 300 ## - PHYSICAL DESCRIPTION | |
| Extent | xvi, 152 p. ; |
| Dimensions | 21 cm. |
| 650 #0 - SUBJECT ADDED ENTRY--TOPICAL TERM | |
| Topical term or geographic name entry element | Labor laws and legislation |
| Geographic subdivision | India |
| 700 1# - ADDED ENTRY--PERSONAL NAME | |
| Personal name | Brinda, V |
| 9 (RLIN) | 990537 |
| 887 ## - NON-MARC INFORMATION FIELD | |
| Content of non-MARC field | |
| 901 ## - LOCAL DATA ELEMENT A, LDA (RLIN) | |
| a | DB60514 |
| b | 31.10.1991 |
| 902 ## - LOCAL DATA ELEMENT B, LDB (RLIN) | |
| a | E 344.5401 M 983 |
| 904 ## - LOCAL DATA ELEMENT D, LDD (RLIN) | |
| l | 599 |
| 949 ## - LOCAL PROCESSING INFORMATION (OCLC) | |
| -- | VIRTUAITEM |
| -- | 10000 |
| -- | 100 |
| 6 | DBA000060514ENG |
| 942 ## - ADDED ENTRY ELEMENTS (KOHA) | |
| Source of classification or shelving scheme | Dewey Decimal Classification |
| Koha item type | Books |
| Withdrawn status | Lost status | Damaged status | Not for loan | Collection code | Home library | Current library | Shelving location | Date acquired | Total Checkouts | Full call number | Barcode | Date last seen | Price effective from | Koha item type |
|---|---|---|---|---|---|---|---|---|---|---|---|---|---|---|
| New English | National Library of India | National Library of India | New English - Main Stack Division | E 344.5401 M 983 | DBA000060514ENG | 27/06/2021 | 27/06/2021 | Books |
